000 01022nai a22002057a 4500
999 _c34552
_d34552
003 OSt
005 20231215231324.0
008 161128b xxu||||| |||| 00| 0 eng d
022 _a1962-6510
040 _aBMC
_cBMC
082 _a306.3389
245 0 0 _aRealidad y reflexión
_cMario Antonio Ruíz, rector y director general
260 _aSan Salvador, El Salvador
_bUniversidad Francisco Gavidia
_c2012
300 _a111 p.
_c24 cm
490 _aRealidad y reflexión
_vAño 12, No 34
505 _aContiene: La educación superior, la realidad nacional y el desarrollo económico y social.- La diplomacia paralela en el conflicto armado salvadoreño.- Número de materias reprobadas como indicador de rendimiento.- Hacer educación en entornos desfavorecidos (cuatro perspectivas de estudios etnográficos).- Reflexiones sobre la elección de los magistrados a la Corte Suprema de Justicia
650 2 4 _913187
_aCultura y globalización
700 1 _940783
_aRuiz, Mario Antonio
942 _2ddc
_cPR
_hprozim